
Library Catalogue

| 000 -LEADER | |
|---|---|
| fixed length control field | 01122nam a2200193Ia 4500 |
| 003 - CONTROL NUMBER IDENTIFIER | |
| control field | OSt |
| 005 - DATE AND TIME OF LATEST TRANSACTION | |
| control field | 20260112063140.0 |
| 008 - FIXED-LENGTH DATA ELEMENTS--GENERAL INFORMATION | |
| fixed length control field | 181105s2012 xx 000 0 und |
| 020 ## - INTERNATIONAL STANDARD BOOK NUMBER | |
| International Standard Book Number | 9780745332390 |
| 040 ## - CATALOGING SOURCE | |
| Transcribing agency | nls |
| 082 ## - DEWEY DECIMAL CLASSIFICATION NUMBER | |
| Classification number | 330.122 KLI |
| 100 ## - MAIN ENTRY--PERSONAL NAME | |
| Personal name | Kliman, Andrew |
| 245 ## - TITLE STATEMENT | |
| Title | The failure of capitalist production |
| Remainder of title | underlying causes of the great recession / |
| Statement of responsibility, etc. | Andrew Kliman |
| 260 ## - PUBLICATION, DISTRIBUTION, ETC. | |
| Place of publication, distribution, etc. | London : |
| Name of publisher, distributor, etc. | Pluto Press, |
| Date of publication, distribution, etc. | 2012. |
| 300 ## - PHYSICAL DESCRIPTION | |
| Extent | xiii, 240 p. : |
| Other physical details | ill. ; |
| Dimensions | 23 cm. |
| 505 ## - FORMATTED CONTENTS NOTE | |
| Formatted contents note | List o f Tables viii<br/>List o f Figures ix<br/>List o f Abbreviations xi<br/>Acknowledgments xii<br/>1 Introduction 1<br/>2 Profitability, the Credit System, and the “ Destruction<br/>o f Capital” 13<br/>3 Double, Double, Toil and Trouble: Dot-com Boom and<br/>Home-price Bubble 28<br/>4 The 1970s— N ot the 1980s— as Turning Point 48<br/>5 Falling Rates o f Profit and Accumulation 74<br/>6 The Current-cost “ Rate o f Profit” 102<br/>7 W hy the Rate of Profit Fell 123<br/>8 The Underconsumptionist Alternative 151<br/>9 W hat is to be Undone? 181<br/>Notes 208<br/>Bibliography 227<br/>Index 234 |
| 856 ## - ELECTRONIC LOCATION AND ACCESS | |
| Uniform Resource Identifier | <a href="http://digamo.free.fr/kliman01.pdf">http://digamo.free.fr/kliman01.pdf</a> |
| 942 ## - ADDED ENTRY ELEMENTS (KOHA) | |
| Source of classification or shelving scheme | Dewey Decimal Classification |
| Koha item type | BOOKs |
| Withdrawn status | Lost status | Damaged status | Not for loan | Collection code | Home library | Current library | Shelving location | Date acquired | Total Checkouts | Full call number | Barcode | Date last seen | Price effective from | Koha item type |
|---|---|---|---|---|---|---|---|---|---|---|---|---|---|---|
| . | . | General Stacks | 10.06.2017 | 330.122 KLI | 35180 | 05.11.2018 | 05.11.2018 | BOOKs |